00254pam a2200109 a 4500020000500000041000500005082001300010100001700023245006100040260003200101300001100133 c h a361bMOR aMorell, J.A. aProgram Evaluation In Social ResearchhTextual Documents aOgilvybLibrary Of Congress a193/PB